000 00499nam a22001817a 4500
003 OSt
005 20180116183008.0
008 150812b xxu||||| |||| 00| 0 eng d
020 _a0716781875
040 _c0
082 _a519.2 PAG 1998
100 _aLavon B. Page
245 _aProbability for Engineering
_bWith Applications to Reliability
_cLavon B. Page
260 _aUSA
_bComputer Science Press
_c1998
300 _a233 p.
_bHB
440 _aProbability for Engineering
942 _2ddc
_cBK
999 _c350135
_d350135